Man and society in Iran / (Record no. 27810)
[ view plain ]
| 000 -LEADER | |
|---|---|
| fixed length control field | 00637nam a2200217 a 4500 |
| 001 - CONTROL NUMBER | |
| control field | 27810 |
| 003 - CONTROL NUMBER IDENTIFIER | |
| rucl marc code | BD-RjUL |
| 005 - DATE AND TIME OF LATEST TRANSACTION | |
| control field | 20211209051214.0 |
| 008 - FIXED-LENGTH DATA ELEMENTS--GENERAL INFORMATION | |
| fixed length control field | 140327s1964 ne 000 0 eng d |
| 035 ## - SYSTEM CONTROL NUMBER | |
| System control number | (BD-RjUL)27889 |
| 040 ## - CATALOGING SOURCE | |
| Original cataloging agency | ANL |
| Language of cataloging | eng |
| Transcribing agency | ANL |
| Modifying agency | BD-RjUL |
| 041 ## - LANGUAGE CODE | |
| Language code of text/sound track or separate title | eng |
| 082 04 - DEWEY DECIMAL CLASSIFICATION NUMBER | |
| Classification number | 955.053 |
| Author mark and year | ARM 1964 |
| 100 1# - MAIN ENTRY--PERSONAL NAME | |
| Personal name | Arasteh, A. Reza. |
| 9 (RLIN) | 85365 |
| 245 10 - TITLE STATEMENT | |
| Title | Man and society in Iran / |
| Statement of responsibility, etc. | by A. Reza Arasteh in collaboration with Josephine Arasteh. |
| 260 ## - PUBLICATION, DISTRIBUTION, ETC. (IMPRINT) | |
| Place of publication, distribution, etc. | Leiden : |
| Name of publisher, distributor, etc. | Brill, |
| Date of publication, distribution, etc. | c1964. |
| 300 ## - PHYSICAL DESCRIPTION | |
| Pagination | x, 193 p. ; |
| Size | 25 cm. |
| 651 #0 - SUBJECT ADDED ENTRY--GEOGRAPHIC NAME | |
| Geographic name | Iran |
| General subdivision | Social conditions. |
| 9 (RLIN) | 81115 |
| 700 1# - ADDED ENTRY--PERSONAL NAME | |
| Personal name | Arestech, Josephine. |
| 942 ## - ADDED ENTRY ELEMENTS (KOHA) | |
| Source of classification or shelving scheme | Dewey Decimal Classification |
| Koha item type | Books |
| Lost status | Source of classification or shelving scheme | Damaged status | Not for loan | Collection code | Permanent Location | Current Location | Shelving location | Date acquired | Source of acquisition | Cost, normal purchase price | Total Checkouts | Full call number | Date last seen | Copy number | Koha item type |
|---|---|---|---|---|---|---|---|---|---|---|---|---|---|---|---|
| Dewey Decimal Classification | Added to bundle | Non-fiction | Central Library, University of Rajshahi | Central Library, University of Rajshahi | Reading Room | 14/02/1967 | Ashraf | 42.00 | 955.053 ARM 1964 | 27/03/2014 | C-1 | Books | |||
| Dewey Decimal Classification | Non-fiction | Central Library, University of Rajshahi | Central Library, University of Rajshahi | 29/07/1968 | Pakistan Book Centre, Karachi | 56.00 | 955.053 ARM 1964 | 12/03/2017 | C-2 | Books |